S02-1 駅名クイズ - JR東日本(東北) ver. - Statistics

General Stats
  • This quiz has been taken 282 times
  • The average score is 297 of 754
Answer Stats
Answer % Correct
仙台
98%
新白河
96%
盛岡
95%
山形
95%
郡山
94%
福島
94%
白石
94%
八戸
93%
いわき
93%
新青森
92%
秋田
92%
白石蔵王
91%
北上
91%
新花巻
90%
米沢
89%
古川
88%
新庄
88%
大曲
88%
くりこま高原
87%
一ノ関
87%
二戸
87%
水沢
87%
利府
87%
水沢江刺
86%
田沢湖
86%
松島
86%
あおば通
86%
石巻
86%
七戸十和田
85%
かみのやま温泉
83%
さくらんぼ東根
83%
雫石
83%
名取
83%
北仙台
83%
青森
83%
いわて沼宮内
82%
天童
82%
赤湯
81%
白河
81%
角館
80%
小牛田
80%
大石田
78%
南仙台
78%
男鹿
78%
高畠
77%
東仙台
77%
花巻
77%
村山
76%
岩沼
76%
塩釜
76%
会津若松
76%
愛子
76%
松島海岸
76%
左沢
76%
新利府
74%
女川
74%
気仙沼
74%
長町
73%
原ノ町
73%
岩切
72%
黒磯
71%
相馬
71%
北山
71%
酒田
70%
北山形
70%
釜石
70%
亘理
69%
双葉
68%
浪江
68%
横手
68%
大館
68%
安積永盛
66%
花巻空港
66%
弘前
66%
南福島
65%
国府多賀城
65%
余目
65%
羽前千歳
65%
宮城野原
65%
東塩釜
65%
能代
65%
二本松
64%
平泉
64%
喜多方
64%
東照宮
64%
多賀城
64%
東能代
64%
太子堂
63%
広野
63%
本塩釜
63%
富岡
62%
高城町
62%
紫波中央
61%
陸前原ノ町
61%
61%
須賀川
60%
東福島
60%
作並
60%
面白山高原
60%
西塩釜
60%
山寺
59%
鳴子温泉
59%
大湊
59%
Jヴィレッジ
59%
新地
58%
只見
58%
寒河江
58%
桑折
57%
山下
57%
宮古
57%
久慈
57%
鏡石
56%
本宮
56%
伊達
56%
大河原
56%
槻木
56%
陸前山王
56%
夜ノ森
56%
大野
56%
鹿島
56%
小鶴新田
56%
矢本
56%
東根
56%
三厩
56%
矢吹
55%
矢幅
55%
羽後本荘
55%
猪苗代
55%
榴ケ岡
55%
川部
55%
ほっとゆだ
55%
五所川原
55%
黒田原
53%
藤田
53%
館腰
53%
石越
53%
仙北町
53%
八郎潟
53%
大鰐温泉
53%
遠野
53%
53%
追分
52%
蟹田
52%
津軽新城
51%
好摩
51%
東白石
50%
小高
50%
庭坂
50%
板谷
50%
鷹ノ巣
50%
高久
49%
泉崎
49%
愛宕
49%
鹿島台
49%
前沢
49%
岩手飯岡
49%
四ツ倉
49%
苦竹
49%
院内
49%
本八戸
49%
野辺地
49%
深浦
49%
越河
48%
品井沼
48%
草野
48%
竜田
48%
遊佐
48%
磐梯熱海
48%
蔵王
48%
湯沢
48%
会津坂下
48%
前谷地
48%
白坂
47%
新田
47%
石巻あゆみ野
47%
碇ケ関
47%
西若松
47%
豊原
46%
松山町
46%
桃内
46%
坂元
46%
土崎
46%
鰺ケ沢
46%
金ケ崎
45%
日詰
45%
久ノ浜
45%
郡山富田
45%
東北福祉大前
45%
国見
45%
陸前落合
45%
茂吉記念館前
45%
今泉
45%
会津川口
45%
柳津
45%
松川
44%
貝田
44%
船岡
44%
瀬峰
44%
花泉
44%
石鳥谷
44%
磐城太田
44%
浜吉田
44%
奥新川
44%
東矢本
44%
三春
44%
南新庄
44%
有壁
43%
逢隈
43%
陸前高砂
43%
中野栄
43%
上盛岡
43%
津軽二股
43%
金谷川
42%
北白川
42%
油島
42%
山ノ目
42%
陸中折居
42%
木戸
42%
日立木
42%
仁賀保
42%
福田町
42%
野蒜
42%
陸前山下
42%
ウェスパ椿山
42%
五百川
41%
六原
41%
村崎野
41%
北余目
41%
真室川
41%
井川さくら
41%
撫牛子
41%
小野新町
41%
鹿角花輪
41%
久田野
40%
末続
40%
磐梯町
40%
陸前大塚
40%
泉外旭川
40%
陸奥横浜
40%
日和田
39%
安達
39%
田尻
39%
象潟
39%
大沢
39%
石川
39%
浪岡
39%
上米内
39%
下北
39%
陸前富山
38%
天童南
38%
磐城石川
38%
杉田
37%
駒ケ嶺
37%
東酒田
37%
猪苗代湖畔
37%
常陸大子
37%
最上
37%
区界
37%
陸前小野
36%
蛇田
36%
関根
36%
津軽湯の沢
36%
古館
35%
下馬
35%
陸前赤井
35%
笹木野
35%
北大石田
35%
四ツ小屋
35%
南米沢
35%
七日町
35%
涌谷
35%
東大館
35%
小岩井
35%
赤渕
35%
梅ケ沢
34%
二ツ井
34%
矢祭山
34%
磐城塙
34%
西米沢
34%
鳴子御殿湯
34%
十和田南
34%
清水原
33%
羽後牛島
33%
陸前白沢
33%
舟形
33%
中小国
33%
南鳥海
32%
新屋
32%
塩川
32%
楯山
32%
置賜
32%
羽前中山
32%
会津柳津
32%
西古川
32%
陸中大橋
32%
西寒河江
32%
前潟
32%
女鹿
31%
陸前浜田
31%
東名
31%
磐城棚倉
31%
陸中川井
31%
茂市
31%
羽前山辺
31%
南寒河江
31%
北大曲
31%
葛岡
30%
熊ケ根
30%
羽後境
30%
大釈迦
30%
船引
30%
似内
30%
荒屋新町
30%
八幡平
30%
手樽
29%
及位
29%
後三年
29%
千厩
29%
東大崎
29%
ゆだ錦秋湖
29%
蓬田
29%
砂越
28%
喜久田
28%
十文字
28%
神宮寺
28%
和田
28%
羽前前波
28%
大更
28%
松尾八幡平
28%
階上
28%
十二湖
28%
吹浦
27%
陸前谷地
27%
西大崎
27%
岩出山
27%
安比高原
27%
藤崎
27%
岩城みなと
26%
高瀬
26%
中川
26%
上湯沢
26%
大久保
26%
上涌谷
26%
のの岳
26%
中山平温泉
26%
古口
26%
高屋
26%
油川
26%
木造
26%
板柳
26%
北常盤
24%
宮守
24%
今別
24%
羽前長崎
24%
大釜
24%
あきた白神
24%
鹿妻
23%
森岳
23%
鶴ケ坂
23%
会津本郷
23%
会津高田
23%
猊鼻渓
23%
向能代
23%
北能代
23%
本楯
22%
中山宿
22%
笈川
22%
会津豊川
22%
高擶
22%
芦沢
22%
下湯沢
22%
小川郷
22%
ゆだ高原
22%
東大更
22%
北野辺地
22%
千畳敷
22%
金浦
21%
翁島
21%
陸前稲井
21%
万石浦
21%
陣場
21%
舞木
21%
有備館
21%
江釣子
21%
和賀仙人
21%
山岸
21%
川内
21%
種差海岸
21%
羽前金沢
21%
羽後長野
21%
羽後四ツ屋
21%
陸奥鶴田
21%
安子ケ島
20%
刈和野
20%
峰吉川
20%
早口
20%
下川沿
20%
白沢
20%
磐城浅川
20%
赤井
20%
川渡温泉
20%
種市
20%
堂島
19%
姥堂
19%
渡波
19%
南出羽
19%
乱川
19%
羽前豊里
19%
醍醐
19%
大張野
19%
上飯島
19%
羽後飯塚
19%
升形
19%
長苗代
19%
羽前高松
19%
二田
19%
西目
18%
桂根
18%
広田
18%
浦宿
18%
漆山
18%
磐城守山
18%
会津坂本
18%
会津大塩
18%
曽波神
18%
陸前豊里
18%
陸中門崎
18%
瀬見温泉
18%
花原市
18%
陸中八木
18%
陸中中野
18%
陸中夏井
18%
春木場
18%
岩館
18%
羽後岩谷
17%
羽後亀田
17%
泉田
17%
横堀
17%
鯉川
17%
糠沢
17%
磐城石井
17%
羽前小松
17%
磐城常葉
17%
佳景山
17%
立川目
17%
岩手二日町
17%
陸奥湊
17%
生田
17%
天王
17%
八森
17%
東長原
16%
袖崎
16%
飯詰
16%
鹿渡
16%
会津宮下
16%
鹿又
16%
赤倉温泉
16%
藤根
16%
横川目
16%
上有住
16%
白神岳登山口
16%
沢田
15%
神町
15%
富根
15%
長峰
15%
会津中川
15%
会津蒲生
15%
夏井
15%
陸中松川
15%
摺沢
15%
柳原
15%
相野々
15%
千徳
15%
吹越
15%
瀬辺地
15%
柴橋
15%
刺巻
15%
上戸
14%
大滝
14%
柳田
14%
新鶴
14%
会津桧原
14%
会津西方
14%
江田
14%
北浦
14%
狩川
14%
松草
14%
兄畑
14%
左堰
14%
津軽浜名
14%
鶯野
14%
東八森
14%
川桁
13%
下野宮
13%
会津塩沢
13%
塚目
13%
北森
13%
湯瀬温泉
13%
津軽宮田
13%
神代
13%
鑓見内
13%
驫木
13%
陸奥森田
13%
道川
12%
北金岡
12%
鶴形
12%
前山
12%
東館
12%
南石井
12%
会津越川
12%
東長沢
12%
長沢
12%
津谷
12%
清川
12%
南野
12%
小屋の畑
12%
陸中大里
12%
小中野
12%
玉川
12%
後潟
12%
中沢
12%
大平
12%
上二田
12%
小砂川
11%
下浜
11%
三関
11%
根岸
11%
会津水沼
11%
本名
11%
会津横田
11%
神俣
11%
菅谷
11%
大越
11%
和渕
11%
御岳堂
11%
新月
11%
池月
11%
小山田
11%
綾織
11%
小佐野
11%
平館
11%
奥内
11%
郷沢
11%
船越
11%
林崎
11%
折渡
10%
関都
10%
谷田川
10%
犬川
10%
塔寺
10%
要田
10%
折壁
10%
堺田
10%
大堀
10%
鵜杉
10%
土沢
10%
青笹
10%
箱石
10%
腹帯
10%
蟇目
10%
赤坂田
10%
白銀
10%
大川平
10%
東金井
10%
艫作
10%
上浜
9%
釜淵
9%
野木沢
9%
川東
9%
小塩江
9%
中郡
9%
川前
9%
上野目
9%
黒沢
9%
小松川
9%
岩手上郷
9%
松倉
9%
陸奥白浜
9%
角の浜
9%
脇本
9%
広戸
9%
川辺沖
8%
早戸
8%
真滝
8%
岩根橋
8%
鱒沢
8%
十二所
8%
大滝温泉
8%
大蛇
8%
有家
8%
侍浜
8%
赤川
8%
陸奥岩崎
8%
近津
7%
中豊
7%
里白石
7%
泉郷
7%
郷戸
7%
柴宿
7%
立小路
7%
岩沢
7%
洞泉
7%
田山
7%
土深井
7%
近川
7%
出戸浜
7%
羽立
7%
鶴泊
7%
成島
6%
若宮
6%
滝谷
6%
小梨
6%
晴山
6%
荒谷前
6%
足ケ瀬
6%
横間
6%
柴平
6%
末広
6%
沢尻
6%
大久喜
6%
平内
6%
宿戸
6%
有戸
6%
風合瀬
6%
陸奥柳田
6%
柏木平
5%
扇田
5%
金浜
5%
有畑
5%
金谷沢
5%
大間越
5%
陸奥沢辺
5%
大戸瀬
5%
北金ケ沢
5%
陸奥赤石
5%
中田
5%
岩ノ下
4%
矢越
4%
平倉
4%
鳥形
4%
沢目
4%
松神
4%
追良瀬
4%
鳴沢
4%
越水
3%
滝ノ間
2%
横磯
2%
No matching quizzes found
Score Distribution
Percent of People with Each Score
Percentile by Number Answered
Your Score History
You have not taken this quiz